Welcome to CU Library Online Public Access Catalogue (OPAC)

Information systems : (Record no. 1110)

MARC details
000 -LEADER
fixed length control field 00588cam a2200193 a 4500
001 - CONTROL NUMBER
control field 1199542
005 - DATE AND TIME OF LATEST TRANSACTION
control field 20241113123729.0
008 - FIXED-LENGTH DATA ELEMENTS--GENERAL INFORMATION
fixed length control field 980716s1999 maua b 001 0 eng
020 ## - INTERNATIONAL STANDARD BOOK NUMBER
International Standard Book Number 0201351099 (hc.)
050 00 - LIBRARY OF CONGRESS CALL NUMBER
Classification number T58.6
Item number .A44 1999
082 00 - DEWEY DECIMAL CLASSIFICATION NUMBER
Classification number 658.4/038/011
Edition information 21
100 1# - MAIN ENTRY--PERSONAL NAME
Personal name Alter, Steven.
245 10 - TITLE STATEMENT
Title Information systems :
Remainder of title a management perspective /
Statement of responsibility, etc. Steve Alter.
250 ## - EDITION STATEMENT
Edition statement 3rd ed.
260 ## - PUBLICATION, DISTRIBUTION, ETC.
Place of publication, distribution, etc. Reading, Mass. :
Name of publisher, distributor, etc. Addison Wesley,
Date of publication, distribution, etc. c1999.
300 ## - PHYSICAL DESCRIPTION
Extent xviii, 523 p. :
Other physical details ill. (some col.) ;
Dimensions 28 cm.
650 #0 - SUBJECT ADDED ENTRY--TOPICAL TERM
Topical term or geographic name entry element Management information systems.
942 ## - ADDED ENTRY ELEMENTS (KOHA)
Source of classification or shelving scheme Library of Congress Classification
Koha item type Books
Edition 3rd
Suppress in OPAC No
999 ## -
-- 1110
-- 1110
Holdings
Withdrawn status Lost status Source of classification or shelving scheme Damaged status Not for loan Collection Home library Current library Shelving location Date acquired Total checkouts Full call number Barcode Date last seen Copy number Price effective from Koha item type
    Library of Congress Classification     Non-fiction Graduate Library (Christ Temple) Graduate Library (Christ Temple) General stacks 11/13/2024   T 56.ALT GSCT00000063 11/13/2024 1 11/13/2024 Books
    Library of Congress Classification     Non-fiction Graduate Library (Christ Temple) Graduate Library (Christ Temple) General stacks 11/13/2024   T 56.ALT GSCT00000064 11/13/2024 2 11/13/2024 Books
© 2023-2024 Copyright: Central University Libraries. All Rights Reserved | Created by: Mahone Tech Office